[Event "45th Sparkassen Open"]
[Site "Dortmund GER"]
[Date "2017.07.16"]
[Round "2.34"]
[White "Zachos, Ingo"]
[Black "Wastian, Jan"]
[Result "1/2-1/2"]
[WhiteElo "1986"]
[BlackElo "1878"]
[WhiteFideId "4694180"]
[BlackFideId "12911640"]
[EventDate "2017.07.15"]

1. Nf3 d5 2. c4 e6 3. g3 Nf6 4. Bg2 Be7 5. O-O O-O 6. b3 b6 7. Bb2 Bb7 8. d3 c5
9. e3 Nc6 10. Nc3 Qd7 11. Qe2 Rfd8 12. Rfd1 Rac8 13. Rac1 Qc7 14. cxd5 Nxd5 15.
Nxd5 Rxd5 16. d4 Qb8 17. Ne5 Rdd8 18. Bxc6 Bxc6 19. dxc5 Rxd1+ 20. Qxd1 bxc5 21.
Nxc6 Rxc6 22. Rc4 f6 23. Qd7 Qd6 24. Qe8+ Bf8 25. Ra4 Rc7 26. Ba3 f5 27. e4 f4
28. Qh5 Rf7 29. e5 Qd2 30. gxf4 Rxf4 31. Rxf4 Qxf4 32. Qe2 Qd4 1/2-1/2

[Event "45th Sparkassen Open"]
[Site "Dortmund GER"]
[Date "2017.07.16"]
[Round "2.35"]
[White "Ciornei, Dragos"]
[Black "Schuh, Dirk"]
[Result "0-1"]
[BlackTitle "IM"]
[WhiteElo "2118"]
[BlackElo "2377"]
[WhiteFideId "4619200"]
[BlackFideId "4655311"]
[EventDate "2017.07.15"]

1. e4 c5 2. Nf3 Nc6 3. d4 cxd4 4. Nxd4 g6 5. Nc3 Bg7 6. Be3 Nf6 7. Bc4 Qa5 8.
O-O O-O 9. Bb3 d6 10. h3 Bd7 11. Re1 Rfc8 12. Qe2 Qh5 13. Nf3 h6 14. Rad1 g5 15.
Nd5 Nxd5 16. exd5 Ne5 17. Nxe5 Qxe2 18. Rxe2 Bxe5 19. Bd4 f6 20. Bxe5 fxe5 21.
a4 Rc5 22. Re4 Bf5 23. Rb4 b6 24. c3 Rb8 25. g4 Bg6 26. Kg2 a5 27. Rb5 Rc7 28.
c4 Be8 29. Ba2 Bxb5 30. axb5 Rf8 31. Rd3 Rf4 32. b3 Kg7 33. Re3 Kf6 34. f3 e4 0-1

[Event "45th Sparkassen Open"]
[Site "Dortmund GER"]
[Date "2017.07.16"]
[Round "2.36"]
[White "Harringer, Manfred"]
[Black "Seref, Erdogan"]
[Result "1-0"]
[WhiteElo "1979"]
[BlackElo "1835"]
[WhiteFideId "12958336"]
[BlackFideId "16206827"]
[EventDate "2017.07.15"]

1. e4 e6 2. c4 d5 3. cxd5 exd5 4. exd5 Nf6 5. Bb5+ Nbd7 6. Nc3 Be7 7. Nf3 O-O 8.
O-O Nb6 9. d4 Bf5 10. Ne5 Nbxd5 11. Re1 Nxc3 12. bxc3 Ne4 13. Qf3 Nd6 14. Ba4
Bf6 15. Ba3 Qc8 16. h3 Rd8 17. Bb3 Bg6 18. Ng4 Bg5 19. Re5 Nf5 20. Ne3 Nxe3 21.
Rxg5 Nf5 22. g4 Nh6 23. Re1 a5 24. Rge5 Ra6 25. Qxb7 Ra8 26. Qc6 Rb8 27. Re7 1-0

[Event "45th Sparkassen Open"]
[Site "Dortmund GER"]
[Date "2017.07.16"]
[Round "2.37"]
[White "Fuhlrott, Tim"]
[Black "Hartung, Thomas2"]
[Result "1/2-1/2"]
[WhiteElo "1856"]
[BlackElo "1979"]
[WhiteFideId "16222431"]
[BlackFideId "4639146"]
[EventDate "2017.07.15"]

1. c4 e5 2. g3 Nf6 3. Bg2 g6 4. Nc3 Bg7 5. e4 d6 6. Nge2 O-O 7. O-O Be6 8. d3 c6
9. h3 Ne8 10. b4 Nd7 11. Be3 f5 12. exf5 gxf5 13. b5 f4 14. gxf4 exf4 15. Nxf4
Rxf4 16. Bxf4 Bxc3 17. Rc1 Be5 18. Bxe5 Nxe5 19. f4 Nf7 20. f5 Bd7 21. bxc6 Bxc6
22. Bxc6 bxc6 23. Qg4+ Qg5 24. Qxg5+ Nxg5 25. Rb1 Nxh3+ 26. Kg2 Ng5 27. f6 Rc8
28. Rb7 Rc7 29. Rfb1 Kf7 30. Rxc7+ Nxc7 31. Rb7 Ne6 32. Rxa7 Kxf6 33. d4 d5 34.
cxd5 Nf4+ 35. Kf3 Nfxd5 36. Rb7 Ke7 37. Kg4 Kd7 38. Kh5 Kc8 39. Rb1 Nb5 40. Kh6
Ndc3 41. Rc1 Kb7 42. a4 Nxa4 43. Rxc6 Kxc6 44. d5+ Kd6 45. Kxh7 Nc5 46. Kg6 Nd4
47. Kf6 Ne4+ 48. Kg6 1/2-1/2

[Event "45th Sparkassen Open"]
[Site "Dortmund GER"]
[Date "2017.07.16"]
[Round "2.38"]
[White "Mittelbachert, Ulrich"]
[Black "Delere, Adrian"]
[Result "1/2-1/2"]
[WhiteElo "1978"]
[BlackElo "1805"]
[WhiteFideId "4634470"]
[BlackFideId "12990400"]
[EventDate "2017.07.15"]

1. b4 f5 2. Bb2 e6 3. e3 Nf6 4. b5 d5 5. Nf3 Bd6 6. Be2 O-O 7. O-O Nbd7 8. c4 c6
9. a4 Nc5 10. d3 Bd7 11. Nbd2 a6 12. Ne5 axb5 13. Nxd7 Qxd7 14. axb5 Rxa1 15.
Qxa1 cxb5 16. Bxf6 Rxf6 17. cxd5 exd5 18. Qa8+ Rf8 19. Qa2 Kh8 20. g3 Be7 21.
Nf3 Bf6 22. Qa3 Rc8 23. Rc1 1/2-1/2

[Event "45th Sparkassen Open"]
[Site "Dortmund GER"]
[Date "2017.07.16"]
[Round "2.39"]
[White "Stevens, Titus"]
[Black "Groneberg, Joerg"]
[Result "0-1"]
[WhiteElo "1841"]
[BlackElo "1973"]
[WhiteFideId "16214331"]
[BlackFideId "12941638"]
[EventDate "2017.07.15"]

1. Nf3 c5 2. c4 Nf6 3. Nc3 g6 4. d4 cxd4 5. Nxd4 Bg7 6. e4 d6 7. f3 Nc6 8. Be3
O-O 9. Qd2 a6 10. Be2 Rb8 11. O-O Bd7 12. a4 Rc8 13. b3 Ne5 14. Rac1 Be6 15.
Rfd1 Ned7 16. Bd3 Nc5 17. Bc2 Qb6 18. Rb1 Qb4 19. Nd5 Nxd5 20. exd5 Qxd2 21.
Rxd2 Bd7 22. a5 Rfd8 23. b4 Na4 24. Bb3 Nc3 25. Ra1 e6 26. dxe6 Bxe6 27. Rc2 Nb5
28. Nxe6 fxe6 29. Rd1 Na3 30. Rcd2 Nxc4 31. Bxc4 Rxc4 32. Rxd6 Rxd6 33. Rxd6
Rxb4 34. Rxe6 Kf7 35. Rd6 Ke7 36. Bc5 Rc4 37. Ba3 Ke8 38. Kf1 Ra4 39. Re6+ Kd8
40. Bc5 Rxa5 41. Bb4 Re5 42. Rd6+ Kc7 43. Rd3 Re6 44. f4 b5 45. Ba5+ Kc6 46. Rd8
Bf6 47. Rc8+ Kd5 48. Rc7 h5 49. Rc2 Bd4 0-1

[Event "45th Sparkassen Open"]
[Site "Dortmund GER"]
[Date "2017.07.17"]
[Round "3.1"]
[White "Osipiak, Grzegorz"]
[Black "Hausrath, Daniel"]
[Result "0-1"]
[BlackTitle "GM"]
[WhiteElo "2338"]
[BlackElo "2482"]
[WhiteFideId "1109154"]
[BlackFideId "4617495"]
[EventDate "2017.07.15"]

1. d4 Nf6 2. c4 Nc6 3. d5 Ne5 4. Qd4 Ng6 5. Nf3 e6 6. Nc3 b6 7. h3 Bc5 8. Qd3
O-O 9. g3 b5 10. cxb5 exd5 11. Bg2 c6 12. O-O a6 13. bxc6 dxc6 14. Na4 Bd6 15.
Be3 a5 16. Qc2 Rb8 17. Qxc6 Ne7 18. Qc1 Nf5 19. Bc5 Ba6 20. Qg5 g6 21. g4 Ng7
22. Nd4 Ne6 23. Nxe6 fxe6 24. Rac1 Bb5 25. Bxd6 Qxd6 26. Nc3 Ba6 27. Rfd1 Rxb2
28. Rd2 Rxd2 29. Qxd2 Qe5 30. f4 Qd6 31. f5 gxf5 32. gxf5 Kh8 33. fxe6 Qxe6 34.
Qd4 Bc4 35. e4 Rg8 36. exd5 Qf5 37. Qxc4 Rxg2+ 38. Kxg2 Qg5+ 39. Kf2 Qxc1 40.
Qd4 Qc2+ 41. Kf3 Qf5+ 42. Ke2 Kg8 43. a4 h5 44. Kd2 Kf7 45. h4 Qh3 46. Kc2 Qh2+
47. Kb3 Qb8+ 48. Kc4 Qb4+ 49. Kd3 Qd6 50. Qc4 Ng4 51. Qc8 Qg3+ 52. Kc2 Qxh4 53.
Qe6+ Kg7 54. Qd7+ Kg6 55. Qe8+ Kg7 56. Qd7+ Kg6 57. Qc6+ Nf6 58. d6 Qg4 59. Kb3
Qe6+ 60. Kb2 h4 61. Qg2+ Kf7 62. Qh2 h3 63. Qg3 Qg4 64. Qe3 h2 65. Qe1 Qg2+ 66.
Ka3 0-1

[Event "45th Sparkassen Open"]
[Site "Dortmund GER"]
[Date "2017.07.17"]
[Round "3.2"]
[White "Nalbandian, Tigran"]
[Black "Holtel, Jasper"]
[Result "1/2-1/2"]
[WhiteTitle "GM"]
[BlackTitle "FM"]
[WhiteElo "2458"]
[BlackElo "2229"]
[WhiteFideId "13300245"]
[BlackFideId "12956376"]
[EventDate "2017.07.15"]

1. Nf3 Nf6 2. g3 g6 3. Bg2 Bg7 4. O-O O-O 5. c4 c6 6. d4 d5 7. cxd5 cxd5 8. Ne5
Ne4 9. Nc3 Nxc3 10. bxc3 Nc6 11. Nd3 Na5 12. h4 b6 13. h5 Ba6 14. h6 Bf6 15. Bf4
Rc8 16. Rc1 e6 17. Re1 Bg5 18. e3 Bxd3 19. Qxd3 Bxf4 20. exf4 Qf6 21. Qf3 Nc4
22. Bf1 Nd6 23. Bd3 Rc7 24. g4 Rfc8 25. g5 Qd8 26. Ba6 Rb8 27. Bd3 Rbc8 28. Ba6
Rb8 29. a4 Nc4 30. Re2 Qd6 31. Ra2 Rf8 32. Re1 Na5 33. Qe3 Nc6 34. Rc1 Ne7 35.
Rac2 Nf5 36. Qe5 Qxe5 37. fxe5 Rd8 38. Kf1 Ne7 39. Ke2 Nc6 40. Kd2 Kf8 41. Rb1
Ke7 42. f4 Na5 43. Rb4 Nc6 44. Rb1 Na5 45. Kd3 Rdd7 46. Rb5 1/2-1/2

[Event "45th Sparkassen Open"]
[Site "Dortmund GER"]
[Date "2017.07.17"]
[Round "3.3"]
[White "Wilke, Werner"]
[Black "Kashlinskaya, Alina"]
[Result "1-0"]
[BlackTitle "IM"]
[WhiteElo "2225"]
[BlackElo "2438"]
[WhiteFideId "1600826"]
[BlackFideId "4198026"]
[EventDate "2017.07.15"]

1. e4 e6 2. d4 d5 3. Nd2 c5 4. Ngf3 cxd4 5. Nxd4 Nc6 6. Bb5 Bd7 7. Nxc6 bxc6 8.
Bd3 Qc7 9. Qe2 Ne7 10. Nf3 Ng6 11. e5 c5 12. c4 dxc4 13. Bxc4 Rb8 14. O-O Be7
15. Re1 Bc6 16. Bd3 O-O 17. Be4 Rfd8 18. Bxc6 Qxc6 19. b3 Rb4 20. g3 Rb7 21. h4
h6 22. h5 Nf8 23. Bf4 Rbd7 24. Rec1 Nh7 25. Rc4 Rd3 26. Ne1 R3d5 27. Nf3 Bg5 28.
Bxg5 Nxg5 29. Nxg5 hxg5 30. Qe4 Qc7 31. Re1 Rd4 32. Qe3 Rxc4 33. bxc4 Qa5 34.
Re2 Rd1+ 35. Kg2 Qd8 36. Qf3 Rc1 37. Rb2 g4 38. Qe4 a5 39. Rb5 Qc7 40. Qa8+ Kh7
41. Rb8 Kh6 42. Rh8+ Kg5 43. Qe4 1-0

[Event "45th Sparkassen Open"]
[Site "Dortmund GER"]
[Date "2017.07.17"]
[Round "3.4"]
[White "Luft, Dennis"]
[Black "Podzielny, Karl-Heinz"]
[Result "1-0"]
[BlackTitle "IM"]
[WhiteElo "2219"]
[BlackElo "2395"]
[WhiteFideId "24623717"]
[BlackFideId "4600215"]
[EventDate "2017.07.15"]

1. e4 c5 2. Nc3 Nc6 3. g3 g6 4. d3 Bg7 5. Be3 d6 6. Qd2 e5 7. Bg2 h5 8. h3 Be6
9. f4 h4 10. g4 exf4 11. Bxf4 Nge7 12. Nf3 Nd4 13. Nxd4 cxd4 14. Nd5 Bxd5 15.
exd5 Rc8 16. O-O Rc5 17. Rae1 Qc7 18. Qf2 O-O 19. b4 Rc3 20. Qxh4 Nc8 21. Bh6
Rxc2 22. Be4 Qe7 23. Bg5 Qc7 24. Rf3 Nb6 25. Be7 Nd7 26. Bxf8 Bxf8 27. Rxf7 Kxf7
28. Qh7+ Kf6 29. g5+ 1-0

[Event "45th Sparkassen Open"]
[Site "Dortmund GER"]
[Date "2017.07.17"]
[Round "3.6"]
[White "Happe, Ulrich"]
[Black "Schleining, Zoya"]
[Result "0-1"]
[BlackTitle "IM"]
[WhiteElo "2064"]
[BlackElo "2369"]
[WhiteFideId "24683175"]
[BlackFideId "4671660"]
[EventDate "2017.07.15"]

1. Nf3 Nf6 2. g3 g6 3. Bg2 Bg7 4. O-O O-O 5. d4 d6 6. c4 Nc6 7. Nc3 a6 8. Re1
Rb8 9. a4 a5 10. h3 Nd7 11. e4 Nb4 12. Be3 e5 13. Rc1 exd4 14. Bxd4 Bxd4 15.
Nxd4 Nc5 16. Re3 c6 17. Qe2 Be6 18. Rd1 Qc7 19. f4 Rbd8 20. Qf2 Bxc4 21. f5 Nbd3
22. Qd2 Ne5 23. g4 f6 24. h4 Nb3 25. Nxb3 Bxb3 26. Rf1 Qb6 27. Kh1 Nc4 0-1

[Event "45th Sparkassen Open"]
[Site "Dortmund GER"]
[Date "2017.07.17"]
[Round "3.7"]
[White "Heider, Martin"]
[Black "Melde, Benjamin"]
[Result "1/2-1/2"]
[WhiteElo "2356"]
[BlackElo "1912"]
[WhiteFideId "24668389"]
[BlackFideId "12958816"]
[EventDate "2017.07.15"]

1. d4 Nf6 2. c4 g6 3. Nc3 Bg7 4. e4 d6 5. Nf3 O-O 6. Be2 e5 7. O-O c6 8. d5 Na6
9. Be3 Ng4 10. Bg5 f6 11. Bd2 f5 12. Ne1 Nf6 13. exf5 gxf5 14. f4 Ne4 15. Nxe4
fxe4 16. Nc2 Nc7 17. Rb1 cxd5 18. cxd5 Nxd5 19. Bc4 Be6 20. Ne3 Qb6 21. Bxd5
Bxd5 22. f5 Bxa2 23. Ra1 Bb3 24. Qh5 d5 25. Kh1 d4 26. Ng4 e3 27. Ba5 Qd6 28.
Rf3 Kh8 29. Be1 Bg8 30. f6 Bxf6 31. Nxf6 Rxf6 32. Rxf6 Qxf6 33. Bg3 Bf7 34. Bxe5
Bxh5 35. Bxf6+ Kg8 36. Bxd4 e2 37. Re1 a6 1/2-1/2

[Event "45th Sparkassen Open"]
[Site "Dortmund GER"]
[Date "2017.07.17"]
[Round "3.8"]
[White "Jugelt, Tobias"]
[Black "Tueckmantel, Rene"]
[Result "1-0"]
[WhiteTitle "IM"]
[WhiteElo "2431"]
[BlackElo "2130"]
[WhiteFideId "4626150"]
[BlackFideId "24618012"]
[EventDate "2017.07.15"]

1. b3 d5 2. Bb2 Nf6 3. e3 Bf5 4. f4 e6 5. Nf3 Be7 6. Be2 h6 7. O-O O-O 8. d3 c5
9. Ne5 Nfd7 10. Nd2 Nxe5 11. fxe5 Nc6 12. Bf3 Bg6 13. Bh5 Bg5 14. Re1 d4 15. Nf1
Bxh5 16. Qxh5 Nb4 17. Qd1 dxe3 18. Nxe3 Nd5 19. Ng4 Qb6 20. Re4 Rad8 21. h4 Be7
22. Nxh6+ gxh6 23. Qh5 f5 24. exf6 Rxf6 25. Bxf6 Bxf6 26. Qg6+ Bg7 27. Rxe6 Qb4
28. Re4 Qb6 29. Re6 Qb4 30. c4 Nf4 31. Re8+ Rxe8 32. Qxe8+ Kh7 33. Qe4+ Ng6 34.
Rf1 Qc3 35. Rf7 Qd4+ 36. Qxd4 cxd4 37. Rxb7 Ne5 38. c5 a6 39. Kf1 Kg8 40. Ke2
Bf8 41. b4 1-0

[Event "45th Sparkassen Open"]
[Site "Dortmund GER"]
[Date "2017.07.17"]
[Round "3.9"]
[White "Sandten, Ulrich"]
[Black "Bomans, Arno"]
[Result "0-1"]
[BlackTitle "FM"]
[WhiteElo "2064"]
[BlackElo "2250"]
[WhiteFideId "4644930"]
[BlackFideId "206024"]
[EventDate "2017.07.15"]

1. e4 c5 2. d3 e6 3. Nf3 Nc6 4. g3 d5 5. Qe2 d4 6. Bg2 e5 7. Nbd2 Be6 8. Nc4 f6
9. a4 Qd7 10. c3 O-O-O 11. cxd4 Nxd4 12. Nxd4 Qxd4 13. Ra3 Ne7 14. Be3 Qd7 15.
O-O Nc6 16. Rc1 Kb8 17. f4 h5 18. f5 Bf7 19. Qf2 Nd4 20. a5 Rc8 21. Bxd4 cxd4
22. Rb3 Qa4 23. Qc2 Bb4 24. Bf1 Bxc4 25. dxc4 Qxa5 26. Rd3 Qc5 27. Kg2 Rc6 28.
Rdd1 h4 29. Bd3 Rc7 30. Qe2 g6 31. Qf3 Rg7 32. g4 h3+ 33. Kh1 b6 34. Bf1 Qc6 35.
c5 gxf5 36. gxf5 bxc5 37. Bc4 Rg2 38. Rg1 Bd2 39. Rc2 Qa4 40. Qd1 Bf4 41. b3
Rxg1+ 42. Qxg1 Qb4 43. Qf1 Rh4 44. Be2 Be3 45. Rc4 Qd2 46. Rxc5 d3 47. Rb5+ Bb6
48. Bxd3 Rg4 49. Be2 Rg2 50. Qd1 Qxd1+ 51. Bxd1 Rg1# 0-1

[Event "45th Sparkassen Open"]
[Site "Dortmund GER"]
[Date "2017.07.17"]
[Round "3.10"]
[White "Koellner, Ruben Gideon"]
[Black "Lehmann, Holger"]
[Result "1/2-1/2"]
[WhiteElo "2078"]
[BlackElo "2188"]
[WhiteFideId "12993093"]
[BlackFideId "4620275"]
[EventDate "2017.07.15"]

1. d4 e6 2. Nf3 f5 3. Bf4 Nf6 4. e3 d5 5. Bd3 Bd6 6. Ne5 Qe7 7. c3 Nbd7 8. Nxd7
Bxd7 9. Nd2 e5 10. dxe5 Bxe5 11. O-O O-O-O 12. Nf3 Bd6 13. Nd4 Ne4 14. Qc2 g6
15. Rac1 Nc5 16. Rfd1 Ne6 17. Bxd6 Qxd6 18. Nxe6 Qxe6 19. Be2 g5 20. b4 Rhf8 21.
c4 dxc4 22. Bxc4 Qc6 23. Bb3 f4 24. Qxc6 Bxc6 1/2-1/2

[Event "45th Sparkassen Open"]
[Site "Dortmund GER"]
[Date "2017.07.17"]
[Round "3.11"]
[White "Runte, Moritz"]
[Black "Hiller, Simon"]
[Result "1/2-1/2"]
[WhiteElo "1862"]
[BlackElo "2165"]
[WhiteFideId "12991449"]
[BlackFideId "24641308"]
[EventDate "2017.07.15"]

1. e4 c6 2. d4 d5 3. Nd2 dxe4 4. Nxe4 Bf5 5. Ng3 Bg6 6. h4 h6 7. h5 Bh7 8. Nf3
e6 9. Bd3 Bxd3 10. Qxd3 Nf6 11. Bd2 Be7 12. O-O-O O-O 13. Kb1 c5 14. Ne4 Qd5 15.
Nc3 Qd7 16. Ne5 Qc8 1/2-1/2

[Event "45th Sparkassen Open"]
[Site "Dortmund GER"]
[Date "2017.07.17"]
[Round "3.12"]
[White "Henrichs, Thomas"]
[Black "Van Cappellen, Jonas"]
[Result "1-0"]
[WhiteTitle "IM"]
[WhiteElo "2491"]
[BlackElo "2141"]
[WhiteFideId "4626605"]
[BlackFideId "263796"]
[EventDate "2017.07.15"]

1. Nf3 Nf6 2. c4 e6 3. g3 d5 4. Bg2 Be7 5. O-O O-O 6. d4 dxc4 7. Qc2 a6 8. a4
Bd7 9. Qxc4 Bc6 10. Bg5 Bd5 11. Qd3 Be4 12. Qd1 h6 13. Bxf6 Bxf6 14. Nc3 Bxf3
15. Bxf3 c6 16. e3 a5 17. Qb3 Qe7 18. Rfd1 Rd8 19. Ne4 Na6 20. Rac1 Nb4 21. Kg2
g6 22. h4 h5 23. Qc4 Bg7 24. Qc5 Qc7 25. Qc4 Qe7 26. b3 Qc7 27. Ng5 Qe7 28. Be4
Nd5 29. Nf3 Qc7 30. Qc2 Nf6 31. Bd3 Nd5 32. Bc4 Rd7 33. Qe2 Rad8 34. Ng5 Nb6 35.
Bxe6 fxe6 36. Nxe6 Qd6 37. Nxd8 Rxd8 38. Rc5 Qe6 39. Qc2 Rd5 40. Rxd5 Nxd5 41.
e4 Nf6 42. d5 cxd5 43. exd5 Qf7 44. d6 Nd7 45. Qc8+ Kh7 46. Qxb7 Qf5 47. Qd5 Qc2
48. Re1 1-0

[Event "45th Sparkassen Open"]
[Site "Dortmund GER"]
[Date "2017.07.17"]
[Round "3.13"]
[White "Wagner, Alexej"]
[Black "Gramb, Marius"]
[Result "1-0"]
[WhiteElo "2277"]
[BlackElo "2110"]
[WhiteFideId "4129555"]
[BlackFideId "24656593"]
[EventDate "2017.07.15"]

1. d4 Nf6 2. c4 e6 3. Nc3 Bb4 4. Qc2 O-O 5. Nf3 c5 6. dxc5 Na6 7. g3 Nxc5 8. Bg2
Nce4 9. O-O Nxc3 10. bxc3 Be7 11. e4 d6 12. e5 dxe5 13. Nxe5 Qc7 14. Qe2 Nd7 15.
Bf4 Nxe5 16. Bxe5 Bd6 17. Bxd6 Qxd6 18. Rfd1 Qc7 19. Rab1 Rb8 20. Qe3 b6 21. c5
bxc5 22. Rxb8 Qxb8 23. Qxc5 Ba6 24. Be4 Rc8 25. Qe7 Re8 26. Qd7 Bb5 27. Qd4 Qc7
28. a4 e5 29. Qb4 Bc4 30. Qd6 Qxd6 31. Rxd6 Be6 32. Kf1 g6 33. Ke1 Rc8 34. Kd2
Kf8 35. Bd5 Bh3 36. c4 Ke7 37. Ra6 Rc7 38. Kc3 Bc8 39. Ra5 Kd6 40. Kb4 h5 41.
Bf3 Bd7 42. Ra6+ Ke7 43. c5 Bc8 44. Rd6 Rd7 45. Rxd7+ Kxd7 46. Bd5 Ke7 47. Kb5
f6 48. h4 Kd8 49. Bf7 Bf5 50. Kc6 Kc8 51. Kd6 a5 52. Be6+ Kb8 53. Bxf5 gxf5 54.
Kd7 1-0

[Event "45th Sparkassen Open"]
[Site "Dortmund GER"]
[Date "2017.07.17"]
[Round "3.14"]
[White "Steinle, Carsten"]
[Black "Althoff, Ralph"]
[Result "0-1"]
[WhiteElo "2237"]
[BlackElo "2071"]
[WhiteFideId "24676462"]
[BlackFideId "4623177"]
[EventDate "2017.07.15"]

1. Nf3 d5 2. e3 Nf6 3. c4 e6 4. b3 c5 5. d3 Bd6 6. Be2 Nc6 7. Bb2 O-O 8. O-O b6
9. Nbd2 Bb7 10. a3 a5 11. Qc2 Rc8 12. Rfe1 Bb8 13. Rac1 Re8 14. Qb1 Ng4 15. h3
Nge5 16. Qa1 f6 17. d4 cxd4 18. exd4 Ng6 19. Bf1 Nf4 20. g3 Nh5 21. Bg2 Qd6 22.
cxd5 exd5 23. Nf1 Rxe1 24. Rxe1 Ne7 25. Qb1 Ba6 26. Ne3 g6 27. Qd1 Rd8 28. Qc2
Bc8 29. Qe2 Kf7 30. Nh4 Be6 31. Ng4 Ng7 32. Nh6+ Kf8 33. Qf3 Nef5 34. Bc1 Nxh6
35. Qxf6+ Bf7 36. Qxd6+ Bxd6 37. Bxh6 Bxa3 38. Nf3 Kg8 39. g4 Ne6 40. Rd1 Bb2
41. Be3 b5 42. Ne5 a4 43. bxa4 bxa4 44. Nc6 Rd6 45. Ne7+ Kf8 46. Nxd5 a3 47. Bc1
Bxc1 48. Rxc1 Nxd4 49. Rc8+ Kg7 50. Nc3 Ra6 51. Rd8 a2 52. Nxa2 Ne2+ 53. Kf1
Rxa2 54. Ra8 Rxa8 55. Bxa8 Nf4 56. h4 Bd5 57. Bxd5 Nxd5 58. Kg2 Kf6 0-1

[Event "45th Sparkassen Open"]
[Site "Dortmund GER"]
[Date "2017.07.17"]
[Round "3.15"]
[White "Kartsev, Soel"]
[Black "Ramien, David"]
[Result "1/2-1/2"]
[WhiteElo "2220"]
[BlackElo "2070"]
[WhiteFideId "4130561"]
[BlackFideId "12948241"]
[EventDate "2017.07.15"]

1. e4 c5 2. c3 g6 3. d4 cxd4 4. cxd4 d5 5. e5 Nc6 6. Nf3 Bg7 7. h3 Nh6 8. Nc3
O-O 9. Be2 Bf5 10. O-O Be4 11. Bf4 Nf5 12. Re1 e6 13. g4 Bxf3 14. gxf5 Bxe2 15.
Nxe2 g5 16. Bh2 exf5 17. Ng3 Qd7 18. f4 h6 19. Kh1 Qe6 20. Rg1 f6 21. Nh5 Bh8
22. fxg5 fxg5 23. h4 g4 24. Nf4 Qf7 25. h5 Nd8 26. Qb3 Ne6 27. Qxd5 Nxf4 28.
Qxf7+ Rxf7 29. Bxf4 Rd7 30. Be3 Kf7 31. Rac1 Ke6 32. Rgf1 Rg8 33. Kg2 Bg7 34. a4
Rgd8 35. b4 Bf8 36. b5 Ba3 37. Rc2 Be7 38. Rcf2 f4 39. Rxf4 Bg5 40. Rf6+ Bxf6
41. Rxf6+ Kd5 42. Rxh6 Rc7 43. Bg5 Rg8 44. Bf6 Rc2+ 45. Kg3 Rc3+ 46. Kg2 Rc2+ 1/2-1/2

[Event "45th Sparkassen Open"]
[Site "Dortmund GER"]
[Date "2017.07.17"]
[Round "3.16"]
[White "Boehm, Juergen2"]
[Black "Wuebker, Paul-Luca"]
[Result "1-0"]
[WhiteElo "2217"]
[BlackElo "2042"]
[WhiteFideId "4606434"]
[BlackFideId "12939528"]
[EventDate "2017.07.15"]

1. d4 Nf6 2. Bg5 d5 3. Bxf6 gxf6 4. c4 dxc4 5. e3 c5 6. Bxc4 e6 7. d5 e5 8. Ne2
f5 9. Nbc3 a6 10. Qd2 Qd6 11. O-O-O b5 12. Bb3 Nd7 13. Ng3 Nb6 14. f4 e4 15.
Ncxe4 fxe4 16. Qc3 Rg8 17. Nxe4 Qg6 18. Nf6+ Kd8 19. Nxg8 Nd7 20. Qa5+ Ke8 21.
Qd2 Qxg8 22. e4 Bh6 23. Kb1 a5 24. Rhe1 a4 25. Bc2 f6 26. g3 Kd8 27. a3 Qf8 28.
Qe2 b4 29. e5 fxe5 30. fxe5 Ba6 31. Bd3 bxa3 32. Bxa6 Rb8 33. e6 Qf6 34. Bb5 Bg7
35. exd7 Kc7 36. d6+ Kb6 37. Ka2 Ka7 38. Rd2 axb2 39. Qc4 Qc3 40. Qxa4+ 1-0

[Event "45th Sparkassen Open"]
[Site "Dortmund GER"]
[Date "2017.07.17"]
[Round "3.17"]
[White "Lewin, Tammo"]
[Black "Gijsen, Stief"]
[Result "0-1"]
[WhiteElo "2040"]
[BlackElo "2194"]
[WhiteFideId "4668596"]
[BlackFideId "207535"]
[EventDate "2017.07.15"]

1. Nc3 d5 2. e4 d4 3. Nce2 e5 4. Ng3 Be6 5. Nf3 f6 6. c3 c5 7. Bb5+ Nd7 8. cxd4
cxd4 9. O-O Nh6 10. d3 Nf7 11. Ne1 Qb6 12. Ba4 O-O-O 13. b4 Bxb4 14. Rb1 Qa5 15.
Bb3 Rhe8 16. Bxe6 Rxe6 17. Qb3 Rb6 18. Qxf7 Bxe1 19. Rxb6 axb6 20. Nf5 Bb4 21.
Nxg7 Rf8 22. Qc4+ Kb8 23. f4 Rc8 24. Qe6 Nc5 25. Qd6+ Ka7 26. a3 Bd2 27. fxe5
Bxc1 28. exf6 Be3+ 29. Kh1 Nxd3 30. g3 Nf2+ 31. Kg2 Nxe4 32. Qd7 Qd2+ 33. Kh3
Ng5+ 34. Kg4 Qe2+ 35. Kh4 Qxh2+ 36. Kg4 Qh3# 0-1

[Event "45th Sparkassen Open"]
[Site "Dortmund GER"]
[Date "2017.07.17"]
[Round "3.18"]
[White "Goossens, Hanne"]
[Black "Manthei, Michael"]
[Result "1-0"]
[WhiteTitle "WFM"]
[WhiteElo "2175"]
[BlackElo "2004"]
[WhiteFideId "200468"]
[BlackFideId "24605824"]
[EventDate "2017.07.15"]

1. e4 c5 2. Nf3 d6 3. d4 cxd4 4. Nxd4 Nf6 5. Nc3 g6 6. Be3 Bg7 7. Bc4 a6 8. f3
Qc7 9. Bb3 Nc6 10. Qd2 h5 11. h4 Bd7 12. O-O-O Ne5 13. Bg5 Bc6 14. f4 Ned7 15.
Rhe1 Nc5 16. Bd5 e5 17. Nf3 O-O-O 18. fxe5 dxe5 19. Bxf6 Bxf6 20. Ng5 Ne6 21.
Nxe6 fxe6 22. Bxe6+ Kb8 23. Bd5 Bxh4 24. Rf1 Qe7 25. Qe2 Bg5+ 26. Kb1 Bxd5 27.
exd5 Rhf8 28. Rxf8 Rxf8 29. d6 Qe6 30. Ne4 Bd8 31. Nc5 Qf5 32. Qc4 Qf7 33. Qe4
Bf6 34. d7 1-0

[Event "45th Sparkassen Open"]
[Site "Dortmund GER"]
[Date "2017.07.17"]
[Round "3.19"]
[White "Finke, Dominik"]
[Black "Heinert, Eugen"]
[Result "1-0"]
[WhiteElo "1987"]
[BlackElo "2168"]
[WhiteFideId "16202511"]
[BlackFideId "24621390"]
[EventDate "2017.07.15"]

1. e4 e6 2. d4 d5 3. Nc3 Bb4 4. e5 c5 5. a3 Ba5 6. b4 cxd4 7. Nb5 Bc7 8. f4 Bd7
9. Nf3 Bxb5 10. Bxb5+ Nc6 11. Nxd4 Ne7 12. Be3 O-O 13. O-O Nxd4 14. Bxd4 Nf5 15.
Bf2 Bb6 16. Bd3 Bxf2+ 17. Rxf2 Ne3 18. Bxh7+ Kxh7 19. Qd3+ Nf5 20. g4 g6 21.
gxf5 exf5 22. Rd1 Qb6 23. Qd4 Rfd8 24. Rfd2 Qe6 25. Qf2 Rac8 26. c4 d4 27. c5
Rd5 28. Rxd4 Rcd8 29. Qh4+ Kg7 30. Qf6+ Kg8 31. Qxe6 fxe6 32. Rxd5 exd5 33. Kf2
Kf7 34. h4 d4 35. Ke2 Ke6 36. Kd3 Rh8 37. Rg1 Kf7 38. Rh1 Ke6 39. Kxd4 Rd8+ 40.
Kc4 Rh8 41. b5 g5 42. fxg5 Kxe5 43. Re1+ Kf4 44. Re7 Rxh4 45. Rxb7 Ke5+ 46. Kb3
f4 47. c6 Ke6 48. g6 Rh5 49. a4 Rf5 50. Rf7 Rg5 51. Rxf4 Rxg6 52. Rd4 1-0